Trouvez le joueur mystère - Statistiques

Statistiques générales
  • Ce quiz a été pris 440 fois
  • Le résultat moyen est 6 sur 10
Statistiques - réponses
% Correct
Pays France
87%
2011-2021 Real Madrid
72%
Coupe du Monde (nombre): 1
66%
Compétition continentale : 0
64%
Ligue des champions : 4
63%
Poste précis Défenseur central
62%
2021-2024 Manchester United
59%
Clubs : 2010-2011 RC Lens
55%
2024 Como 1907
54%
Joueur mystère : Raphaël Varane
54%
Aucun quiz correspondant
Distribution des résultats
% des personnes avec chaque résultat
Percentile par nombre de réponses
Votre historique - résultats
Vous n’avez pas pris ce quiz